000 00574cas a22001935a 4500
001 L138271
008 070525c xxkqr p 0 a0eng u
035 _a(Sirsi) u138271
041 0 _aeng
110 2 _aRoyal Institution of Chartered Surveyors
_bNottinghamshire and Derbyshire Branch
_93397
245 0 0 _aEast Midlands Surveyor
260 _aS.l.
_bRICS
_c199[?]-
362 0 _aMarch 1993-10 October 1994
554 _aFour per year
651 4 _aNOTTINGHAMSHIRE
651 4 _aDERBYSHIRE
690 _aMANAGEMENT-BUSINESS MANAGEMENT-PROFESSIONAL PRACTICE
942 _n0
999 _c118955
_d118955